[Event "Ljubljana-chT 75th"]
[Site "Ljubljana"]
[Date "2023.03.02"]
[Round "6.4"]
[White "Filipic, Dusan"]
[Black "Rozic, Adrijan"]
[Result "0-1"]
[WhiteElo "1397"]
[BlackElo "2067"]
[PlyCount "51"]
[EventDate "2023.01.12"]
[EventType "team-swiss"]
[EventRounds "9"]
[EventCountry "SLO"]
[SourceTitle "EXT 2024"]
[Source "ChessBase"]
[SourceDate "2023.10.10"]
[SourceVersion "1"]
[SourceVersionDate "2023.10.10"]
[SourceQuality "1"]
[WhiteTeam "Trzin Pekos Pub"]
[BlackTeam "Ig"]
[WhiteTeamCountry "SLO"]
[BlackTeamCountry "SLO"]

1. d4 e6 2. c4 d5 3. e3 c6 4. Nf3 f5 5. Nc3 Nf6 6. h4 Bd6 7. c5 Bc7 8. b4 a6 9. Bd3 Nbd7 10. Ng5 Qe7 11. Bb2 h6 12. Nh3 e5 13. Ne2 Ne4 14. g3 0-0 15. Rg1 exd4 16. Bxd4 Ne5 17. Nc3 Bd7 18. Qc2 Nf3+ 19. Kf1 Nxg1 20. Kxg1 Rae8 21. Ne2 Be5 22. Nhf4 Qf7 23. Kg2 g5 24. hxg5 hxg5 25. Nh3 g4 26. Nhf4 0-1

[Event "Ljubljana-chT 74th"]
[Site "Ljubljana"]
[Date "2022.02.10"]
[Round "5.3"]
[White "Krupenko, Peter"]
[Black "Rozic, Adrijan"]
[Result "1-0"]
[WhiteElo "1959"]
[BlackElo "2043"]
[PlyCount "125"]
[EventDate "2022.01.13"]
[EventType "team-swiss"]
[EventRounds "9"]
[EventCountry "SLO"]
[SourceTitle "EXT 2024"]
[Source "ChessBase"]
[SourceDate "2023.10.10"]
[SourceVersion "1"]
[SourceVersionDate "2023.10.10"]
[SourceQuality "1"]
[WhiteTeam "Trzin Buscotrade"]
[BlackTeam "Ig"]
[WhiteTeamCountry "SLO"]
[BlackTeamCountry "SLO"]

1. d4 e6 2. c4 f5 3. Nc3 d5 4. Nf3 c6 5. e3 Nf6 6. Be2 Bd6 7. 0-0 0-0 8. Rb1 Nbd7 9. Ng5 Qe7 10. f4 b6 11. a3 Bb7 12. b4 h6 13. Nf3 Ne4 14. Nxe4 fxe4 15. Ne5 Bxe5 16. dxe5 Rad8 17. Bb2 dxc4 18. Qc2 b5 19. Qxe4 Nb6 20. Bf3 Rd7 21. Qg6 Qf7 22. Qxf7+ Kxf7 23. Bd4 g6 24. g4 Nd5 25. Be4 Rg8 26. Kf2 Ke8 27. Ke2 Rf7 28. Rbc1 a6 29. Rf3 Bc8 30. Rh3 Rh7 31. Rf1 Ne7 32. Bc5 Nd5 33. Bd4 Ne7 34. Rh4 Bd7 35. Rf3 Kf7 36. Bc2 Ra8 37. e4 a5 38. Bc5 axb4 39. Bxb4 Ke8 40. Ke3 Rc8 41. Bc5 Rd8 42. Bd6 Bc8 43. Rfh3 Ng8 44. Kd4 Rf7 45. Ke3 Rg7 46. Rf3 Rf7 47. f5 g5 48. Rhh3 Nf6 49. Rfg3 Ng8 50. Rh5 Rxd6 51. exd6 e5 52. h4 gxh4 53. Rxh4 Kd7 54. g5 hxg5 55. Rxg5 Nf6 56. Rh8 Ne8 57. Rg6 Nxd6 58. Rxd6+ Kxd6 59. Rxc8 Rh7 60. Re8 Rh3+ 61. Kd2 Kc5 62. f6 c3+ 63. Ke2 1-0

[Event "SLO-chT 31st"]
[Site "Ljubljana"]
[Date "2021.09.25"]
[Round "8.2"]
[White "Rozic, Adrijan"]
[Black "Praznik, Anton"]
[Result "1/2-1/2"]
[WhiteElo "2055"]
[BlackElo "2159"]
[PlyCount "41"]
[EventDate "2021.09.10"]
[EventType "team-tourn"]
[EventRounds "9"]
[EventCountry "SLO"]
[SourceTitle "CBM 204 Extra"]
[Source "ChessBase"]
[SourceDate "2021.11.30"]
[SourceVersion "1"]
[SourceVersionDate "2021.11.30"]
[SourceQuality "1"]
[WhiteTeam "Ig"]
[BlackTeam "Vrhnika"]
[WhiteTeamCountry "SLO"]
[BlackTeamCountry "SLO"]

1. e4 g6 2. Nc3 Bg7 3. g3 d6 4. Bg2 Nf6 5. d3 e5 6. Nge2 Nc6 7. f4 Nd4 8. 0-0 c5 9. h3 0-0 10. g4 Nxe2+ 11. Qxe2 exf4 12. Bxf4 Ne8 13. Qd2 Be5 14. Bxe5 dxe5 15. Nd5 Be6 16. Rae1 f6 17. Qh6 Rc8 18. c4 Nd6 19. Rf2 Bxd5 20. exd5 Rc7 21. Qh4 1/2-1/2

[Event "SLO-chT 31st"]
[Site "Ljubljana"]
[Date "2021.09.24"]
[Round "7.5"]
[White "Rozic, Adrijan"]
[Black "Beletic, Daniel"]
[Result "0-1"]
[WhiteElo "2055"]
[BlackElo "2328"]
[PlyCount "82"]
[EventDate "2021.09.10"]
[EventType "team-tourn"]
[EventRounds "9"]
[EventCountry "SLO"]
[SourceTitle "CBM 204 Extra"]
[Source "ChessBase"]
[SourceDate "2021.11.30"]
[SourceVersion "1"]
[SourceVersionDate "2021.11.30"]
[SourceQuality "1"]
[WhiteTeam "Ig"]
[BlackTeam "Posocje"]
[WhiteTeamCountry "SLO"]
[BlackTeamCountry "SLO"]

1. d4 Nf6 2. Nf3 c5 3. e3 g6 4. Bd3 Bg7 5. 0-0 0-0 6. c3 d5 7. Ne5 Nc6 8. f4 Bf5 9. Qe2 Bxd3 10. Qxd3 e6 11. Nd2 Rc8 12. b3 Qb6 13. Ba3 cxd4 14. Bxf8 dxe3 15. Bxg7 exd2+ 16. Kh1 Kxg7 17. Qxd2 Ne4 18. Qe1 Nxe5 19. fxe5 Rxc3 20. Qh4 h6 21. Rf6 Nxf6 22. Qxf6+ Kg8 23. h4 Qc7 24. Qf4 Rc2 25. Re1 Kh7 26. Rf1 f5 27. Qa4 Qe7 28. Re1 b5 29. Qd4 Qc5 30. Qxc5 Rxc5 31. Re2 Rc3 32. Kg1 f4 33. Kf2 g5 34. hxg5 hxg5 35. Rb2 b4 36. Rd2 Kg6 37. Rd4 a5 38. Rd2 Kf5 39. Re2 g4 40. Kf1 Rc1+ 41. Kf2 g3+ 0-1

[Event "SLO-chT Central 21st"]
[Site "Slovenia"]
[Date "2020.09.24"]
[Round "2.2"]
[White "Leonardi, Caterina"]
[Black "Rozic, Adrijan"]
[Result "0-1"]
[WhiteElo "2001"]
[BlackElo "2038"]
[PlyCount "52"]
[EventDate "2020.09.17"]
[EventType "team-swiss"]
[EventRounds "5"]
[EventCountry "SLO"]
[SourceTitle "EXT 2024"]
[Source "ChessBase"]
[SourceDate "2023.10.10"]
[SourceVersion "1"]
[SourceVersionDate "2023.10.10"]
[SourceQuality "1"]
[WhiteTeam "Komenda Popotnik"]
[BlackTeam "Ig"]
[WhiteTeamCountry "SLO"]
[BlackTeamCountry "SLO"]

1. Nf3 f5 2. d4 e6 3. g3 Nf6 4. Bg2 d5 5. 0-0 Bd6 6. c4 c6 7. b3 0-0 8. Bb2 b5 9. Nbd2 Nbd7 10. Ng5 Qe7 11. Ndf3 h6 12. Nh3 bxc4 13. bxc4 Ba6 14. Ne5 Rfc8 15. Qa4 Bb7 16. Nf4 Qe8 17. Rfd1 Ng4 18. cxd5 Nb6 19. Qb3 cxd5 20. a4 Rab8 21. a5 Nc4 22. Nxg4 Ba6 23. Qf3 fxg4 24. Qxg4 Bxf4 25. Qxf4 Rxb2 26. Bh3 Qf7 0-1

[Event "Ljubljana-chT 73rd"]
[Site "Ljubljana"]
[Date "2020.01.16"]
[Round "1.3"]
[White "Rozic, Adrijan"]
[Black "Bavec, Vinko"]
[Result "1-0"]
[WhiteElo "2030"]
[BlackElo "1564"]
[PlyCount "59"]
[EventDate "2020.01.16"]
[EventType "team-swiss"]
[EventRounds "6"]
[EventCountry "SLO"]
[SourceTitle "EXT 2024"]
[Source "ChessBase"]
[SourceDate "2023.10.10"]
[SourceVersion "1"]
[SourceVersionDate "2023.10.10"]
[SourceQuality "1"]
[WhiteTeam "Ig"]
[BlackTeam "Loska Dolina"]
[WhiteTeamCountry "SLO"]
[BlackTeamCountry "SLO"]

1. d4 d5 2. Nf3 Nf6 3. c4 g6 4. Nc3 c6 5. e3 Bg7 6. Bd3 0-0 7. 0-0 dxc4 8. Bxc4 e6 9. Qe2 Nd5 10. e4 Nxc3 11. bxc3 Nd7 12. Ba3 Re8 13. Rad1 Nb6 14. Bb3 Nd7 15. h4 Nf6 16. e5 Nd5 17. Bb2 h6 18. c4 Ne7 19. h5 Kh7 20. hxg6+ Nxg6 21. Bc2 Rg8 22. g3 Bf8 23. Qe4 Kh8 24. Kg2 f5 25. exf6 Qxf6 26. Rh1 e5 27. dxe5 Qe6 28. Ng5 Qe8 29. e6+ Bg7 30. Rxh6# 1-0

[Event "Ljubljana-chT 70th"]
[Site "Ljubljana"]
[Date "2017.01.19"]
[Round "2.4"]
[White "Miceli, Dario Edgardo"]
[Black "Rozic, Adrijan"]
[Result "0-1"]
[WhiteElo "1647"]
[BlackElo "2098"]
[PlyCount "54"]
[EventDate "2017.01.12"]
[EventType "team-tourn"]
[EventRounds "9"]
[EventCountry "SLO"]
[SourceTitle "EXT 2019"]
[Source "ChessBase"]
[SourceDate "2018.10.10"]
[SourceVersion "1"]
[SourceVersionDate "2018.10.10"]
[SourceQuality "1"]
[WhiteTeam "Visnja Gora Sticna"]
[BlackTeam "Ig"]
[WhiteTeamCountry "SLO"]
[BlackTeamCountry "SLO"]

1. e4 e6 2. d4 d5 3. e5 c5 4. Nf3 cxd4 5. Nxd4 Nc6 6. f4 Bc5 7. Nb3 Bb6 8. c4 Nge7 9. c5 Bc7 10. a3 Nf5 11. Qf3 Ncd4 12. Nxd4 Nxd4 13. Qd3 Nf5 14. Be3 0-0 15. Bf2 f6 16. g4 fxe5 17. gxf5 e4 18. Qg3 Rxf5 19. Bd4 Qf8 20. Rg1 g6 21. Be5 Bxe5 22. fxe5 Qxc5 23. Nc3 Rf3 24. Qg5 Qf2+ 25. Kd1 Bd7 26. Qg2 Qd4+ 27. Kc2 Rf2+ 0-1

[Event "SLO-chT Central Superliga 17th"]
[Site "Slovenia"]
[Date "2016.11.24"]
[Round "9.3"]
[White "Rozic, Adrijan"]
[Black "Mlakar, Matej"]
[Result "1/2-1/2"]
[WhiteElo "2085"]
[BlackElo "1503"]
[PlyCount "80"]
[EventDate "2016.09.22"]
[EventType "team-tourn"]
[EventRounds "9"]
[EventCountry "SLO"]
[SourceTitle "EXT 2023"]
[Source "ChessBase"]
[SourceDate "2022.10.05"]
[SourceVersion "1"]
[SourceVersionDate "2022.10.05"]
[SourceQuality "1"]
[WhiteTeam "Ig"]
[BlackTeam "Komenda Pogi"]
[WhiteTeamCountry "SLO"]
[BlackTeamCountry "SLO"]

1. d4 d5 2. Nf3 Nf6 3. e3 e6 4. Bd3 Be7 5. 0-0 0-0 6. Nbd2 c5 7. c3 cxd4 8. exd4 Nc6 9. Re1 Bd6 10. Ne5 Qc7 11. Ndf3 a6 12. Bg5 Qd8 13. Bc2 Be7 14. Qd3 Ne4 15. Bxe7 Nxe7 16. Nd2 f5 17. Nxe4 fxe4 18. Qh3 Nf5 19. f3 exf3 20. Nxf3 Qf6 21. Re5 h6 22. Rae1 Bd7 23. Bxf5 exf5 24. Rxd5 Be6 25. Rd6 Rae8 26. Rb6 Qf7 27. a3 Qd7 28. Qh4 Rf6 29. Qf4 Qf7 30. h4 Bd7 31. Rxb7 Rxe1+ 32. Nxe1 Qd5 33. Rb8+ Kh7 34. Nf3 Bc6 35. b3 Qe4 36. Qxe4 fxe4 37. Ne5 e3 38. Ng4 Re6 39. Ne5 Rf6 40. Ng4 Re6 1/2-1/2

[Event "SLO-chT 25th"]
[Site "Otocec"]
[Date "2015.11.08"]
[Round "6.12"]
[White "Rozic, Adrijan"]
[Black "Bratkovic, Sham"]
[Result "1/2-1/2"]
[WhiteElo "2035"]
[BlackElo "2100"]
[PlyCount "137"]
[EventDate "2015.10.16"]
[EventType "team-tourn"]
[EventRounds "9"]
[EventCountry "SLO"]
[SourceTitle "EXT 2020"]
[Source "ChessBase"]
[SourceDate "2019.10.17"]
[SourceVersion "1"]
[SourceVersionDate "2019.10.17"]
[SourceQuality "1"]
[WhiteTeam "Ig"]
[BlackTeam "Maribor ZSK"]
[WhiteTeamCountry "SLO"]
[BlackTeamCountry "SVK"]

1. d4 d5 2. f4 g6 3. Nf3 Bg7 4. e3 Nh6 5. Bd3 Bf5 6. 0-0 0-0 7. Qe2 c5 8. c3 Nd7 9. Kh1 Qc7 10. Na3 a6 11. e4 dxe4 12. Bxe4 Nf6 13. Bxf5 Nxf5 14. Be3 Nd5 15. Nc2 Nfxe3 16. Nxe3 Nxf4 17. Qc4 b5 18. Qb3 e6 19. dxc5 Qxc5 20. Rae1 Rad8 21. Ng4 Nd3 22. Re2 Qh5 23. Nf2 Ne5 24. Re3 Nc4 25. Re2 Ne5 26. Re3 Ng4 27. Nxg4 Qxg4 28. Qc2 Qc4 29. Ra1 Rd5 30. a3 Rfd8 31. Rae1 Rd3 32. Re4 Qc5 33. Qe2 R3d5 34. h3 Qd6 35. a4 Qc6 36. axb5 Rxb5 37. Ne5 Bxe5 38. Rxe5 Rxe5 39. Qxe5 Rd2 40. Re2 Rd1+ 41. Kh2 Qb6 42. Qe3 Qb5 43. Rf2 e5 44. Rxf7 Kxf7 45. Qf3+ Ke7 46. Qxd1 Qxb2 47. Qd3 Qb5 48. c4 Qc5 49. Qe4 a5 50. Qh4+ Kf8 51. Qxh7 Qxc4 52. Qh8+ Kf7 53. Qxe5 a4 54. Qd6 g5 55. Qd7+ Kf6 56. Qd6+ Qe6 57. Qd8+ Kf5 58. Qd3+ Qe4 59. g4+ Ke5 60. Qb5+ Kf4 61. Qf1+ Ke3 62. Qe1+ Kd3 63. Qb1+ Kd4 64. Qb4+ Kd5 65. Qb7+ Ke5 66. Qe7+ Kd4 67. Qb4+ Ke3 68. Qe1+ Kf3 69. Qf1+ 1/2-1/2